| 000 | 01650cam a22003738a 4500 | ||
|---|---|---|---|
| 001 | 17486832 | ||
| 005 | 20170105102930.0 | ||
| 008 | 121005s2013 nyu b 001 0 eng c | ||
| 010 | _a 2012040931 | ||
| 020 | _a9780415641333 (hardback) | ||
| 020 | _a9780203082003 (ebook) | ||
| 040 |
_aIEN/DLC _cIEN _dDLC |
||
| 042 | _apcc | ||
| 043 | _af-cg--- | ||
| 050 | 0 | 0 |
_aHV8274.A2 _bM37 2013 |
| 082 | 0 | 4 |
_a967.51034 _bMAR 2013 |
| 100 | 1 | _aMarriage, Zoë. | |
| 245 | 1 | 0 |
_aFormal peace and informal war : _bsecurity and development in the congo / _cZoë Marriage. |
| 260 |
_aNew York, NY : _bRoutledge, _c2013. |
||
| 300 |
_aviii, 180 p. ; _c24 cm. |
||
| 490 | 1 |
_aRoutledge explorations in development studies ; _v3 |
|
| 504 | _aIncludes bibliographical references (p. 160-170) and index. | ||
| 505 | 0 | _aFormal peace and informal war -- Leadership vs. population -- Rich in war: conflict over Congo's political and economic resources -- When was this the deal? -- Politics of pillage -- Fit-up agreement -- Hunter's song -- Security peace. | |
| 650 | 0 |
_aInternal security _zCongo (Democratic Republic) |
|
| 650 | 0 |
_aPolitical stability _zCongo (Democratic Republic) |
|
| 650 | 0 |
_aPeace-building _zCongo (Democratic Republic) |
|
| 650 | 0 |
_aEconomic development _zCongo (Democratic Republic) |
|
| 651 | 0 |
_aCongo (Democratic Republic) _xPolitics and government _y1997- |
|
| 651 | 0 |
_aCongo (Democratic Republic) _xEconomic conditions _y1960- |
|
| 830 | 0 |
_aRoutledge explorations in development studies ; _v3. |
|
| 906 |
_a7 _bcbc _corignew _d1 _eecip _f20 _gy-gencatlg |
||
| 942 |
_2ddc _cBK |
||
| 999 |
_c16012 _d16012 |
||